| 000 | 00000nam##2200000za#4500 |
| 001 | 9.643214 |
| 003 | CaOODSP |
| 005 | 20230811134001 |
| 007 | cr ||||||||||| |
| 008 | 150407|1995||||xxc|||||o f|0| 0 fre|d |
| 040 | |aCaOODSP|bfre |
| 043 | |an-cn--- |
| 086 | 1 |aEn21-134/1995F-PDF |
| 110 | 1 |aCanada. |bBureau de la Convention sur la biodiversité. |
| 245 | 10|aStratégie canadienne de la biodiversité : |h[ressource électronique]|bréponse du Canada à la Convention sur la diversité biologique |
| 260 | |aHull - Québec : |bEnvironnement Canada. |c[1995]. |
| 300 | |a80p.|bglossaire |
| 500 | |a« Faire notre part pour conserver la biodiversité et utiliser de façon durable les ressources biologiques »--p.1 de 80. |
| 590 | |a14-21-Supp|b2014-12-11 |
| 691 | 07|aDiversité biologique|2gcpds |
| 691 | 07|aDéveloppement durable|2gcpds |
| 775 | 08|tCanadian biodiversity strategy : |w(CaOODSP)9.699241 |
| 856 | 40|ahttp://publications.gc.ca|qPDF|s457 Ko|uhttps://publications.gc.ca/collections/collection_2014/ec/En21-134-1995-fra.pdf |